Learning to know the child: (Record no. 14749)

000 -LEADER
fixed length control field 00599nam a2200181 a 4500
001 - CONTROL NUMBER
control field :::00012583$&:&@@
003 - CONTROL NUMBER IDENTIFIER
control field OkBaRHE
005 - DATE AND TIME OF LATEST TRANSACTION
control field 20000607103420.0
008 - FIXED-LENGTH DATA ELEMENTS--GENERAL INFORMATION
fixed length control field s1941 j 000 0 eng u
040 ## - CATALOGING SOURCE
Transcribing agency
100 1# - MAIN ENTRY--PERSONAL NAME
Personal name Haentzschel, Adolph Theodore Esaias.
245 10 - TITLE STATEMENT
Title Learning to know the child:
Remainder of title an introduction to child psychology.
260 ## - PUBLICATION, DISTRIBUTION, ETC. (IMPRINT)
Place of publication, distribution, etc St. Louis, MO., :
Name of publisher, distributor, etc Concordia Pub. House
Date of publication, distribution, etc c1941
300 ## - PHYSICAL DESCRIPTION
Extent 86 p. ;
Dimensions 19 cm.
650 ## - SUBJECT ADDED ENTRY--TOPICAL TERM
Topical term or geographic name as entry element Child Psychology
942 ## - ADDED ENTRY ELEMENTS (KOHA)
Source of classification or shelving scheme
Koha item type Books
Copies
Price effective from Lost status Shelving location Date last seen Not for loan Copy number Permanent Location Koha item type Damaged status Barcode Date acquired Full call number Withdrawn status Source of classification or shelving scheme
2010-04-14 General Stacks2010-04-14 1RHEMA Bible Training CollegeBooks 125832010-04-14HQ 772 .H3L4